| 000 | 01136nam a2200349Ia 4500 | ||
|---|---|---|---|
| 001 | dia_5280 | ||
| 003 | CHAP | ||
| 005 | 20251023162359.0 | ||
| 008 | 220117s2009 xx 000 0 und d | ||
| 010 | _a176189 | ||
| 020 | _a978-607-95230-2-2 | ||
| 040 | _cCHAP | ||
| 082 | _a302.35 K73 2009 | ||
| 100 |
_aKras, Eva _9158088 |
||
| 245 |
_aDesarrollo de una conciencia sustentable / _c Eva Kras ; traducción Luis Soriano Bello |
||
| 260 |
_aMéxico : _b Engrupo, _c2009 |
||
| 300 | _axx, 219 p. | ||
| 500 | _aTítulo original: The blockage: rethinking organizacional principles for the 21st. century | ||
| 504 | _aBibliografía: p. 207-219 | ||
| 590 | _aHD58.7 K73 2009 | ||
| 650 |
_aAdministración _9918 |
||
| 650 |
_aComportamiento organizacional _9157271 |
||
| 650 |
_aManagement _9149975 |
||
| 650 |
_aOrganización _983533 |
||
| 650 |
_aOrganization _9158089 |
||
| 650 |
_aOrganizational behavior _9158090 |
||
| 700 |
_aSoriano Bello, Luis, tr. _9158091 |
||
| 901 | _a302.35 K73 2009 | ||
| 902 | _aM | ||
| 905 | _a5232272009 mx in 8222223322spa16 | ||
| 942 |
_cLIBRO _2ddc |
||
| 999 |
_c176189 _d176189 |
||